Word Ladder: 6-Letter Fun Quiz Stats

Quiz Updated Apr 16, 2015

Challenge
Share
Tweet
Embed
Score 0/17 Timer 03:00
0 Plays Today
Clue 6-Letter word % Correct
New and ImprovedBETTER
92%
Irish ____, a dog breedSETTER
89.9%
Put a worm on the hookBAITED
88.2%
Moistened a turkeyBASTED
87.7%
Cried loudlyWAILED
87.5%
LingeredWAITED
86.7%
Type of dance, frequently done 'en pointe'BALLET
86.7%
Emptied water out of a boatBAILED
85.3%
Wadded up, like paperBALLED
83.8%
Clue 6-Letter word % Correct
To decay or 'Addams Family' UncleFESTER
82.6%
Observed Yom KippurFASTED
78.4%
Wooden tray for a forkliftPALLET
76.5%
'___ Pussycat, Kill, Kill'FASTER
75.6%
Prynne from 'The Scarlett Letter'HESTER
64.4%
One of the positions in quidditchBEATER
62.2%
Small bullet or granulePELLET
59.8%
Slang for a gangster's gunHEATER
51.6%

Today's Daily Dose

Missing Word
'F' Science

Word Ladder
Guitar Heroes

Quick Pick
Zambian Borders

On This Day
April 22nd II

You're not logged in!

Compare scores with friends on all Sporcle quizzes.
Sign Up with Email
OR
Log In

You Might Also Like...

Show Comments

Extras

Top Quizzes Today


Score Distribution

Your Account Isn't Verified!

In order to create a playlist on Sporcle, you need to verify the email address you used during registration. Go to your Sporcle Settings to finish the process.

Report this User

Report this user for behavior that violates our Community Guidelines.

Details: